Schaum’s outline of advanced calculus (Record no. 12582)
[ view plain ]
| 000 -LEADER | |
|---|---|
| fixed length control field | 00654nam a22001817a 4500 |
| 020 ## - INTERNATIONAL STANDARD BOOK NUMBER | |
| International Standard Book Number | 9780071321266 |
| 082 ## - DEWEY DECIMAL CLASSIFICATION NUMBER | |
| Classification number | 515.076 WRE |
| 100 ## - MAIN ENTRY--PERSONAL NAME | |
| Personal name | Schaum's outline of theory and problems of advanced calculus |
| 245 ## - TITLE STATEMENT | |
| Title | Schaum’s outline of advanced calculus |
| 250 ## - EDITION STATEMENT | |
| Edition statement | 3rd ed. |
| 260 ## - PUBLICATION, DISTRIBUTION, ETC. | |
| Place of publication, distribution, etc. | New Delhi, India |
| Name of publisher, distributor, etc. | McGraw Hill |
| Date of publication, distribution, etc. | 2010 |
| 300 ## - PHYSICAL DESCRIPTION | |
| Extent | ix, 445 p. |
| Other physical details | ill. ; |
| 490 ## - SERIES STATEMENT | |
| Series statement | Schaum’s outline series |
| 500 ## - GENERAL NOTE | |
| General note | Rev. ed. of: Schaum’s outline of theory and problems of advanced calculus. 2nd ed. c2002. |
| 650 ## - SUBJECT ADDED ENTRY--TOPICAL TERM | |
| Topical term or geographic name entry element | 1. Calculus --Outlines, syllabi, etc. 2. Calculus --Problems, exercises, etc. |
| 700 ## - ADDED ENTRY--PERSONAL NAME | |
| Personal name | Spiegel, Murray R. |
| 942 ## - ADDED ENTRY ELEMENTS (KOHA) | |
| Koha item type | Book |
| Withdrawn status | Lost status | Damaged status | Not for loan | Collection code | Permanent Location | Current Location | Shelving location | Date acquired | Source of acquisition | Cost, normal purchase price | Total Checkouts | Full call number | Barcode | Date last seen | Date last checked out | Price effective from | Koha item type |
|---|---|---|---|---|---|---|---|---|---|---|---|---|---|---|---|---|---|
| Central Library (CL) | Central Library (CL) | General Stacks | 12/27/2013 | Allied Book Company | 1025.10 | 3 | 515.076 WRE | SEECS013111 | 04/04/2024 | 08/25/2023 | 01/08/2014 | Book |
